Voľný čas holandskej mládeže

Podrobná bibliografia
Hlavný autor: Van der Zande, Ineke (Autor)
Médium: Článok
Jazyk:slovenčina
Predmet:

MARC

LEADER 00000nab a2200000 a 4500
001 vtls000563019
003 SK-MaSNL
005 20260304084752.0
008 250425c1995 xo 0 slo
015 |a SNBRB19rr/mm-uuuuu 
035 |a CL0563157 
035 |a urn:nbn:sk:snk-abd2rc 
035 |a (urnnbn)urn:nbn:sk:snk:ar-007e5p 
035 |a (uuid)c8da11cd-525d-40ff-9ad4-70e9f56ca71b 
040 |a SNKBUCL  |b slo  |c SNKBUCL  |e AACR2 
041 0 |a slo 
044 |a xo  |c SK 
080 |a 379.8-053.6(492)  |2 1981 
100 1 |a Van der Zande, Ineke  |4 aut  |9 1377459 
245 1 0 |a Voľný čas holandskej mládeže  |c Ineke Van der Zande 
650 0 7 |a mládež  |2 snkbucl  |9 1575 
650 0 7 |a voľný čas  |2 snkbucl  |9 3355 
651 7 |a Holandsko  |2 snkbucl  |9 17433 
655 7 |a články z novín a časopisov  |2 snkbucl  |9 267496 
773 0 |t Vychovávateľ  |g Roč. 40, č. 1-2 (1995), s. 30-32 
850 |a Slovenská národná knižnica 
852 |a Slovenská národná knižnica 
954 |a odborná, vedecká literatúra pôvodná (slovenská)  |2 lita 
958 |a article17 
958 |a RK 
958 |a NL 
958 |a OND 
958 |a EUIPO 
992 |a RBX 
999 |c 2805066  |d 2806996